1849 1500 1769 1115 1761 1895 1352 1773 1886 1561 1338 1757 1958 1968 1415 1205 1074 1519 1845 1949 1141 1791 1487 1970 1926 1238 1050 1977 1662 1656 1677 1340 1567 1594 1494 1016 1384 1128 1372 1244 1628 1561 1478 1686 1480 1216 1202 1909 1415 1180 1044 1545 1005 1300 1771 1675 1026 1076 1774 1644 1103 1411 1416 1075 1822 1741 1453 1294 1959 1837 1138 1127 1749 1670 1967 1776 1173 1376 1507 1421 1708 1194 1446 1621 1083 1134 1970 1387 1466 1239 1371 1502 1203 1133 1331 1038 1716 1200 1722 BCNSPRNW ULIB Ver.6.0+V

เปลี่ยนเป็นภาษาไทย

Change to English
 แสดงรายละเอียดบรรณานุกรม
  กลับหน้าหลัก

Brief Record : Get Marc (ISO 2709) : E-mail record : QR code < ปิดหน้าต่าง
LEADER : 00000nam 2200000uu 4500
001    13399120569
003     ULIB
008    120927s2546||||th 000 0 tha d
020    ^a9749524780
050  4 ^aWY18^bส691ท 2546
100 0  ^aกิตติชัย วัฒนานิกร
245 10 ^aท่องโลกคุณภาพ /^c[สรุปและเรียบเรียงโดย กิตติชัย วัฒนานิกร,พรทิพย์ กาญจนนิตยต]
250    ^a พิมพ์ครั้งที่ 1
260    ^aกรุงเทพฯ :^bสำนักมาตรฐานอุดมศึกษา สำนักงานปลัดทบวงมหาวิทยาลัย,^c2546
300    ^a47 หน้า ;^bภาพประกอบ ;^c21 ซม.
650  4 ^aการศึกษา^xการประเมิน^xมาตรฐาน
650  4 ^aการศึกษาขั้นอุดมศึกษา^xมาตรฐาน
650  4 ^aการศึกษาขั้นอุดมศึกษา^xการควบคุมคุณภาพ
650  4 ^aประกันคุณภาพ
650  4 ^aประกันคุณภาพการศึกษา
650  4 ^aประกันคุณภาพการศึกษาระดับอุดมศึกษา
700 0  ^aพรทิพย์ กาญจนนิยต
710 2  ^aทบวงมหาวิทยาลัย. ^bสำนักงานปลัดทบวง
945    ^p0^l0^i12301
945    ^p0^l0^i12302
995    ^aวิภา
999 ^a ทศพร
รายการนี้ยังไม่มีแท็ก
คุณยังไม่ได้ล็อกอิน คุณสามารถมีกิจกรรมร่วมกับเว็บไซต์ได้ แต่ต้องล็อกอินก่อน ::
  ล็อกอิน

รายการสื่อสารสนเทศ

ลำดับที่ ประเภท เลขเรียก/บาร์โค้ด สถานที่ สถานะ
1. วิทยาศาสตร์การแพทย์ และสุขภาพ
วิทยาศาสตร์การแพทย์ และสุขภาพ
WY18 ส691ท 2546  
  Barcode: 12301
ห้องสมุดวิทยาเขตสวรรค์ประชารักษ์
►หนังสือทั่วไป
ถูกยืม กำหนดส่งวันที่ 15 พฤษภาคม 2558
  จอง
2. วิทยาศาสตร์การแพทย์ และสุขภาพ
วิทยาศาสตร์การแพทย์ และสุขภาพ
WY18 ส691ท 2546 ฉ.2 
  Barcode: 12302
ห้องสมุดวิทยาเขตสวรรค์ประชารักษ์
►หนังสือทั่วไป
บนชั้น

รายการใกล้เคียง
    ผู้แต่ง [กิตติชัย วัฒนานิกร]

    หัวเรื่อง [ประกันคุณภาพ]
    หัวเรื่อง [ประกันคุณภาพการศึกษา]
    หัวเรื่อง [ประกันคุณภาพการศึกษาระดับอุดมศึกษา]

BibComment


ยังไม่เคยถูกคอมเมนท์

คอมเมนท์ทรัพยากรรายการนี้
  คอมเมนท์: ท่องโลกคุณภาพ ส..


 Copyright 2026. Bcnsprnw @Library